000 01646aam a2200469 i 4500
999 _c173285
_d173285
001 vtls000770530
003 PNM
005 20190704110652.0
008 150514t20152011my ao j h a000 0bmay
015 _aM16-01646
020 _a9789674307714
_qset
020 _a9789670892399
_qpaperback
_cRM10.00
039 9 _a201704101127
_bfaezah
_c201605181345
_dzuraidahm
_c201603241529
_dzuraidahm
_c201603071113
_dsham
040 _aBNM
_beng
_cBNM
_dPPAK
_erda
049 _aklpmal
082 0 4 _a923.254
_223
090 0 0 _a923.254
_bMAH
_dK
245 0 0 _aMahatma Gandhi 1869-1948 /
_cPenterjemah Jayakumary a/p Marimuthu
246 1 3 _iTranslation of:
_aIllustrious lives:
_bMahatma Gandhi
246 3 4 _iTerjemahan daripada :
_aRiwayat hidup tokoh terkenal :
_bMahatma Gandhi
264 1 _aKuala Lumpur :
_bInstitut Terjemahan & Buku Malaysia,
_c2015
264 4 _c©2011
300 _a24 pages :
_bcolour photographs, colour illustrations ;
_c21 x 23 cm.
336 _atext
_2rdacontent
337 _aunmediated
_2rdamedia
338 _avolume
_2rdacarrier
490 1 _aRIWAYAT HIDUP tokoh terkenal hasil kerja & kesungguhan mereka
600 1 0 _aGandhi,
_cMahatma,
_d1869-1948
651 0 _aIndia
_xHistory
_y1858-1947
_vBiography
700 0 _aJayakumary Marimuthu,
_etranslator.
830 0 _aRiwayat hidup tokoh terkenal hasil kerja & kesungguhan mereka
942 _2ddc
_cB
949 _62000502345
_a923.254 MAH M
949 _62000502350
_a923.254 MAH M
949 _61001365237
949 _61001365238
949 _61001365239
949 _61001365240
949 _61001365241
949 _61001365242
949 _61001365243